I, Rigoberta Menchú : (Record no. 265)
[ view plain ]
| 000 -LEADER | |
|---|---|
| fixed length control field | 00757cam a2200229 a 4500 |
| 001 - CONTROL NUMBER | |
| control field | 958968 |
| 005 - DATE AND TIME OF LATEST TRANSACTION | |
| control field | 20240202002817.0 |
| 008 - FIXED-LENGTH DATA ELEMENTS--GENERAL INFORMATION | |
| fixed length control field | 850710s1984 enk b 000 0aeng |
| 020 ## - INTERNATIONAL STANDARD BOOK NUMBER | |
| ISBN | 0860910830 : |
| 020 ## - INTERNATIONAL STANDARD BOOK NUMBER | |
| ISBN | 0860917886 (pbk.) : |
| 040 ## - CATALOGING SOURCE (பட்டியலாக்க மூலம்) | |
| Original cataloging agency | DLC |
| Transcribing agency | DLC |
| Modifying agency | DLC |
| 082 00 - DDC Classification | |
| Class No. | 305. |
| Item Number - Author Mark | 19 |
| -- | MEN. |
| 100 1# - MAIN ENTRY--PERSONAL NAME | |
| Personal name | Menchú, Rigoberta. |
| 245 10 - TITLE STATEMENT | |
| Title | I, Rigoberta Menchú : |
| Remainder of title | an Indian woman in Guatemala / |
| Statement of responsibility, etc. | edited and introduced by Elisabeth Burgos-Debray ; translated by Ann Wright. |
| 260 ## - PUBLICATION, DISTRIBUTION, ETC. | |
| Place of publication, distribution, etc. | London : |
| Name of publisher, distributor, etc. | Verso, |
| Date of publication, distribution, etc. | 1984. |
| 300 ## - PHYSICAL DESCRIPTION | |
| Extent (e.g. Volumes, Pages etc.) | xxi, 251 p. ; |
| 500 ## - GENERAL NOTE | |
| General note | Translation of: Me llamo Rigoberta Menchú y así me nació la conciencia. |
| 650 #0 - SUBJECT ADDED ENTRY--TOPICAL TERM | |
| Topical term or geographic name entry element | Quiché women |
| 650 #0 - SUBJECT ADDED ENTRY--TOPICAL TERM | |
| Topical term or geographic name entry element | Women revolutionaries |
| 700 1# - ADDED ENTRY--PERSONAL NAME | |
| Personal name | Burgos-Debray, Elisabeth. |
| Relator term (Role) | Editor |
| 942 ## - Koha item type (Biblio) | |
| Koha item type | Books in Stacks (Lending) |
| Lost status | Damaged status | Collection code | Home library | Current library | Date acquired | Full call number | Accession Number | Item type |
|---|---|---|---|---|---|---|---|---|
| Lending | WERC Library | WERC Library | 02/02/2024 | 305. 19 | 2192 | Books in Stacks (Lending) |
